Creed Charting Songs (Billboard Hot 100) - Statistics

General Stats
  • This quiz has been taken 54 times
  • The average score is 5 of 7
Answer Stats
Album Weeks On Peak Song % Correct
Human Clay 57 Weeks #7 Higher
91%
My Own Prison 20 Weeks #70 One
86%
Weathered 29 Weeks #4 My Sacrifice
80%
Weathered 34 Weeks #6 One Last Breath
80%
Human Clay 47 Weeks #1 (1 Week) With Arms Wide Open
80%
Full Circle 3 Weeks #91 Rain
39%
Full Circle 1 Week #73 Overcome
25%
No matching quizzes found
Score Distribution
Percent of People with Each Score
Percentile by Number Answered
Your Score History
You have not taken this quiz